MARC

LEADER 00000nam0a2200000 4500
001 151245
005 20231101221539.0
035 |a (RuTPU)RU\TPU\book\163982 
090 |a 151245 
100 |a 20090121d1970 m y0rusy50 ca 
101 0 |a rus 
102 |a RU 
105 |a a z 000zy 
200 1 |a Радиационные пояса Земли и космические лучи  |f С. Н. Вернов, П. В. Вакулов, Е. В. Горчаков, Ю. И. Логачев 
210 |a Москва  |c Просвещение  |d 1970 
215 |a 128 с.  |c ил. 
606 1 |a Радиационный пояс Земли  |2 stltpush  |3 (RuTPU)RU\TPU\subj\22315  |9 47109 
606 1 |a Космические лучи  |x Физика  |2 stltpush  |3 (RuTPU)RU\TPU\subj\15853 
610 1 |a космические лучи 
610 1 |a космофизика 
610 1 |a ядерно-физические исследования 
610 1 |a радиационные пояса 
610 1 |a Земля 
610 1 |a радиация 
610 1 |a Луна 
610 1 |a Солнечная система 
610 1 |a заряженные частицы 
610 1 |a межпланетное пространство 
610 1 |a геомагнитные эффекты 
610 1 |a высокие энергии 
610 1 |a протоны 
610 1 |a солнечные вспышки 
610 1 |a радиационные измерения 
675 |a 551.521.1  |v 3 
675 |a 524.1  |v 3 
701 1 |a Вернов  |b С. Н.  |c физик  |c академик АН СССР  |f 1910-1982  |g Сергей Николаевич  |2 stltpush  |3 (RuTPU)RU\TPU\pers\11889  |9 2998 
701 1 |a Вакулов  |b П. В.  |g Петр Васильевич 
701 1 |a Горчаков  |b Е. В.  |g Евгений Васильевич 
701 1 |a Логачев  |b Ю. И.  |g Юрий Иванович 
801 1 |a RU  |b 63413507  |c 20090121  |g PSBO 
801 2 |a RU  |b 63413507  |c 20220217  |g PSBO 
942 |c BK